<?xml version="1.0" encoding="UTF-8"?>
<resp>
  <nextPage>https://data.bn.org.pl/api/networks/bibs.marcxml?marc=001+b1000000517177&amp;sinceId=1000000517178</nextPage>
  <collection>
    <record xmlns='http://www.loc.gov/MARC21/slim'><leader>03733nam a2201045 i 4500</leader><controlfield tag='001'>b1000000517177</controlfield><controlfield tag='005'>20260530075341.0</controlfield><controlfield tag='008'>200226s2005    pl ao        |000 0 pol c</controlfield><controlfield tag='009'>9911339318105606</controlfield><datafield ind1=' ' ind2=' ' tag='015'><subfield code='a'>UWD 2020/33702</subfield></datafield><datafield ind1=' ' ind2=' ' tag='020'><subfield code='a'>836016035X</subfield><subfield code='q'>(oprawa twarda)</subfield></datafield><datafield ind1=' ' ind2=' ' tag='035'><subfield code='a'>(PL)b1000000517177</subfield></datafield><datafield ind1=' ' ind2=' ' tag='040'><subfield code='a'>WA N</subfield><subfield code='c'>WA N</subfield><subfield code='d'>WA N</subfield></datafield><datafield ind1='2' ind2=' ' tag='045'><subfield code='b'>d1940</subfield><subfield code='b'>d1945</subfield></datafield><datafield ind1=' ' ind2=' ' tag='046'><subfield code='k'>2005</subfield></datafield><datafield ind1=' ' ind2=' ' tag='080'><subfield code='8'>1.1\x</subfield><subfield code='a'>94(438).082.3</subfield></datafield><datafield ind1=' ' ind2=' ' tag='080'><subfield code='8'>1.2\x</subfield><subfield code='a'>94(100)&quot;1939/1945&quot;:355.489</subfield></datafield><datafield ind1=' ' ind2=' ' tag='080'><subfield code='8'>1.3\x</subfield><subfield code='a'>358.4(438)</subfield></datafield><datafield ind1=' ' ind2=' ' tag='084'><subfield code='a'>02</subfield></datafield><datafield ind1='1' ind2=' ' tag='100'><subfield code='a'>Olszański, Michał</subfield><subfield code='d'>(1954- )</subfield><subfield code='e'>Autor</subfield></datafield><datafield ind1='1' ind2='0' tag='245'><subfield code='a'>Dywizjon 303 /</subfield><subfield code='c'>Michał Olszański.</subfield></datafield><datafield ind1=' ' ind2=' ' tag='260'><subfield code='a'>Warszawa :</subfield><subfield code='b'>Wydawnictwo Edipresse Polska,</subfield><subfield code='c'>copyright 2005.</subfield></datafield><datafield ind1=' ' ind2=' ' tag='300'><subfield code='a'>63, [1] strona :</subfield><subfield code='b'>fotografie, ilustracje, mapy ;</subfield><subfield code='c'>21 cm.</subfield></datafield><datafield ind1=' ' ind2=' ' tag='336'><subfield code='a'>Tekst</subfield><subfield code='b'>txt</subfield><subfield code='2'>rdacontent</subfield></datafield><datafield ind1=' ' ind2=' ' tag='337'><subfield code='a'>Bez urządzenia pośredniczącego</subfield><subfield code='b'>n</subfield><subfield code='2'>rdamedia</subfield></datafield><datafield ind1=' ' ind2=' ' tag='338'><subfield code='a'>Wolumin</subfield><subfield code='b'>nc</subfield><subfield code='2'>rdacarrier</subfield></datafield><datafield ind1=' ' ind2=' ' tag='380'><subfield code='a'>Książki</subfield></datafield><datafield ind1=' ' ind2=' ' tag='380'><subfield code='a'>Publikacje popularnonaukowe</subfield></datafield><datafield ind1='1' ind2=' ' tag='388'><subfield code='a'>2001-</subfield></datafield><datafield ind1='1' ind2=' ' tag='490'><subfield code='a'>II Wojna Światowa : wydarzenia, ludzie, tajemnice</subfield></datafield><datafield ind1='1' ind2=' ' tag='490'><subfield code='a'>Książki</subfield></datafield><datafield ind1=' ' ind2=' ' tag='504'><subfield code='a'>Bibliografia na stronie [64].</subfield></datafield><datafield ind1='2' ind2='7' tag='610'><subfield code='a'>303 Dywizjon Myśliwski Warszawski im. Tadeusza Kościuszki (Polskie Siły Zbrojne na Zachodzie)</subfield><subfield code='2'>DBN</subfield></datafield><datafield ind1=' ' ind2='7' tag='648'><subfield code='a'>1901-2000</subfield><subfield code='2'>DBN</subfield></datafield><datafield ind1=' ' ind2='7' tag='648'><subfield code='a'>1939-1945</subfield><subfield code='2'>DBN</subfield></datafield><datafield ind1=' ' ind2='7' tag='650'><subfield code='a'>Bitwa o Anglię (1940)</subfield><subfield code='2'>DBN</subfield></datafield><datafield ind1=' ' ind2='7' tag='650'><subfield code='a'>Lotnicy wojskowi</subfield><subfield code='2'>DBN</subfield></datafield><datafield ind1=' ' ind2='7' tag='650'><subfield code='a'>Wojna lotnicza</subfield><subfield code='2'>DBN</subfield></datafield><datafield ind1=' ' ind2='7' tag='651'><subfield code='a'>Europa</subfield><subfield code='2'>DBN</subfield></datafield><datafield ind1=' ' ind2='7' tag='651'><subfield code='a'>Polska</subfield><subfield code='2'>DBN</subfield></datafield><datafield ind1=' ' ind2='7' tag='651'><subfield code='a'>Wielka Brytania</subfield><subfield code='2'>DBN</subfield></datafield><datafield ind1=' ' ind2='7' tag='655'><subfield code='a'>Opracowanie</subfield><subfield code='2'>DBN</subfield></datafield><datafield ind1=' ' ind2=' ' tag='658'><subfield code='a'>Bezpieczeństwo i wojskowość</subfield></datafield><datafield ind1=' ' ind2=' ' tag='658'><subfield code='a'>Historia</subfield></datafield><datafield ind1='2' ind2=' ' tag='710'><subfield code='a'>Edipresse Polska</subfield><subfield code='4'>pbl</subfield></datafield><datafield ind1=' ' ind2='0' tag='830'><subfield code='a'>Książki (Edipresse Polska)</subfield></datafield><datafield ind1=' ' ind2='0' tag='830'><subfield code='a'>II Wojna Światowa (Edipresse)</subfield></datafield><datafield ind1=' ' ind2=' ' tag='852'><subfield code='8'>2292863780007662</subfield><subfield code='j'>1</subfield><subfield code='b'>03</subfield><subfield code='p'>4000475516</subfield><subfield code='c'>03</subfield></datafield><datafield ind1=' ' ind2=' ' tag='852'><subfield code='b'>48OMNIS_NLOP</subfield><subfield code='8'>991052613091105066</subfield></datafield><datafield ind1=' ' ind2=' ' tag='852'><subfield code='8'>2292863710007662</subfield><subfield code='j'>0</subfield><subfield code='b'>19</subfield><subfield code='p'>4001105717</subfield><subfield code='c'>U19</subfield></datafield><datafield ind1=' ' ind2=' ' tag='852'><subfield code='8'>22854063870008836</subfield><subfield code='j'>1</subfield><subfield code='b'>WBPL</subfield><subfield code='p'>230000189223</subfield><subfield code='c'>DUZIM_MG</subfield></datafield><datafield ind1=' ' ind2=' ' tag='852'><subfield code='8'>2292863760007662</subfield><subfield code='j'>0</subfield><subfield code='b'>04</subfield><subfield code='p'>4000377934</subfield><subfield code='c'>U04</subfield></datafield><datafield ind1=' ' ind2=' ' tag='852'><subfield code='b'>48OMNIS_KBP</subfield><subfield code='8'>990007122960108412</subfield></datafield><datafield ind1=' ' ind2=' ' tag='852'><subfield code='b'>48OMNIS_KPS</subfield><subfield code='8'>990003202480208415</subfield></datafield><datafield ind1=' ' ind2=' ' tag='852'><subfield code='b'>48OMNIS_WBPL</subfield><subfield code='8'>991006603569708836</subfield></datafield><datafield ind1=' ' ind2=' ' tag='852'><subfield code='8'>2224980330007766</subfield><subfield code='j'>1</subfield><subfield code='b'>BG_ZAM_1</subfield><subfield code='p'>10355244</subfield><subfield code='c'>ZAM1_WYP</subfield><subfield code='z'>237904K</subfield></datafield><datafield ind1=' ' ind2=' ' tag='852'><subfield code='b'>48OMNIS_SW1</subfield><subfield code='8'>991656985617508004</subfield></datafield><datafield ind1=' ' ind2=' ' tag='852'><subfield code='8'>2292863630007662</subfield><subfield code='j'>0</subfield><subfield code='b'>57</subfield><subfield code='p'>4000846029</subfield><subfield code='c'>U57</subfield></datafield><datafield ind1=' ' ind2=' ' tag='852'><subfield code='8'>2292863670007662</subfield><subfield code='j'>1</subfield><subfield code='b'>30</subfield><subfield code='p'>4000619969</subfield><subfield code='c'>30</subfield></datafield><datafield ind1=' ' ind2=' ' tag='852'><subfield code='8'>2227614270008004</subfield><subfield code='j'>1</subfield><subfield code='b'>SW1_4</subfield><subfield code='p'>28738</subfield><subfield code='c'>SW1_4_4</subfield></datafield><datafield ind1=' ' ind2=' ' tag='852'><subfield code='8'>22759895460008415</subfield><subfield code='j'>1</subfield><subfield code='b'>KP</subfield><subfield code='p'>000026641973</subfield><subfield code='c'>WG</subfield><subfield code='z'>94/99 DM  MAG</subfield></datafield><datafield ind1=' ' ind2=' ' tag='852'><subfield code='8'>2292863690007662</subfield><subfield code='j'>1</subfield><subfield code='b'>23</subfield><subfield code='p'>4000929898</subfield><subfield code='c'>23</subfield></datafield><datafield ind1=' ' ind2=' ' tag='852'><subfield code='8'>224278780007773</subfield><subfield code='j'>1</subfield><subfield code='b'>WIE_1_BG</subfield><subfield code='p'>560006066000</subfield><subfield code='c'>4</subfield></datafield><datafield ind1=' ' ind2=' ' tag='852'><subfield code='b'>48OMNIS_NETWORK</subfield><subfield code='8'>9911339318105606</subfield></datafield><datafield ind1=' ' ind2=' ' tag='852'><subfield code='8'>22751921690008412</subfield><subfield code='j'>1</subfield><subfield code='b'>09</subfield><subfield code='p'>12804788</subfield><subfield code='c'>09WYP</subfield></datafield><datafield ind1=' ' ind2=' ' tag='852'><subfield code='8'>22606175860005066</subfield><subfield code='j'>1</subfield><subfield code='h'>3.135.238 A</subfield><subfield code='b'>BN_PL</subfield><subfield code='p'>30001025734100</subfield><subfield code='c'>bk1</subfield></datafield><datafield ind1=' ' ind2=' ' tag='852'><subfield code='8'>2292863740007662</subfield><subfield code='j'>1</subfield><subfield code='b'>12</subfield><subfield code='p'>4000942457</subfield><subfield code='c'>12</subfield></datafield><datafield ind1=' ' ind2=' ' tag='852'><subfield code='b'>48OMNIS_MBP</subfield><subfield code='8'>990001620500207662</subfield></datafield><datafield ind1=' ' ind2=' ' tag='852'><subfield code='b'>48OMNIS_WIE</subfield><subfield code='8'>991000784969707773</subfield></datafield><datafield ind1=' ' ind2=' ' tag='852'><subfield code='b'>48OMNIS_ZAM</subfield><subfield code='8'>991003868036507766</subfield></datafield><datafield ind1=' ' ind2=' ' tag='920'><subfield code='a'>83-60160-35-X (oprawa twarda)</subfield></datafield></record>
  </collection>
</resp>
